You're Losing Me - Taylor Swift Lyrics - Statistics

General Stats
  • This quiz has been taken 19 times
  • The average score is 362 of 397
Answer Stats
Answer % Correct
a
100%
I
100%
(I
100%
losin'
100%
losin
100%
me
100%
me)
100%
stop
100%
(stop)
100%
(stop
100%
stop)
100%
You
100%
you
100%
your
100%
you're
100%
(you're
100%
all
94%
always
94%
an
94%
and
94%
anymore
94%
as
94%
ashes
94%
at
94%
be
94%
can
94%
can't
94%
'cause
94%
do
94%
don't
94%
even
94%
find
94%
for
94%
from
94%
gone
94%
heart
94%
if
94%
I'm
94%
i'm
94%
in
94%
it
94%
it's
94%
keep
94%
know
94%
light
94%
lookin'
94%
love
94%
loved
94%
my
94%
now
94%
of
94%
phoenix
94%
pulse
94%
remember
94%
room
94%
say
94%
(say
94%
start
94%
that
94%
the
94%
this
94%
time
94%
tired
94%
to
94%
understand
94%
until
94%
we
94%
who
94%
wonder
94%
won't
94%
built
88%
cure
88%
dark
88%
every
88%
got
88%
gray
88%
her
88%
how
88%
just
88%
risin'
88%
see
88%
sick
88%
they
88%
thought
88%
was
88%
what
88%
would
88%
wouldn't
88%
admit
82%
army
82%
babe
82%
back
82%
best
82%
but
82%
come
82%
could
82%
did
82%
dyin'
82%
either
82%
empathy
82%
endless
82%
everything
82%
fear
82%
fighting
82%
gashes
82%
getting
82%
hallway
82%
indecision
82%
life
82%
long
82%
marry
82%
mendin'
82%
me's
82%
nails
82%
nothing
82%
nothing)
82%
only
82%
or
82%
out
82%
party
82%
people
82%
pleaser
82%
runnin'
82%
sad
82%
sit
82%
someone
82%
something
82%
something)
82%
song
82%
tell
82%
thing
82%
through
82%
throw
82%
'til
82%
too
82%
wanted
82%
were
82%
air
76%
believe
76%
bleed
76%
blow
76%
choose
76%
choosin'
76%
down
76%
eyes
76%
face
76%
far
76%
final
76%
frontlines
76%
gave
76%
have
76%
ignore
76%
imposition
76%
is
76%
loss
76%
might
76%
mornin'
76%
pathological
76%
quick
76%
risk
76%
sent
76%
signals
76%
soldier
76%
such
76%
thick
76%
tried
76%
unless
76%
with
76%
bravest
71%
glared
71%
pain
71%
storms
71%
thinkin'
71%
dealt
65%
fadin'
65%
baby
53%
lose
53%
being
0%
No matching quizzes found
Score Distribution
Percent of People with Each Score
Percentile by Number Answered
Your Score History
You have not taken this quiz